000
00264nam a22001217a 4500
082
_a
650
_b
HIL/G
100
_a
HILL, NAPOLEON
245
_a
THE GOLDEN RULES OF SUCCESS
260
_a
DELHI
_b
JAICO BOOKS
300
_a
150
650
_a
PSYCHOLOGY
_z
DELHI
942
_c
BK
999
_c
6901
_d
6901